[Event "2nd Goa GM Open 2019"]
[Site "Goa"]
[Date "2019.06.23"]
[Round "8.1"]
[White "Iniyan, P."]
[Black "Petrosyan, Manuel"]
[Result "0-1"]
[WhiteElo "2525"]
[BlackElo "2573"]
[Annotator "TA"]
[PlyCount "60"]
[EventDate "2019.06.17"]
[EventType "swiss"]
[EventCountry "IND"]
[SourceTitle "playchess.com"]
[Source "ChessBase"]
[SourceQuality "1"]

{[%evp 15,60,-31,-39,-61,-47,-69,-36,-36,-34,-35,-27,-27,-25,-56,-17,-42,-50,-35,-35,-41,-41,-86,-95,-165,-177,-309,-308,-291,-276,-277,-278,-316,-310,-310,-297,-497,-433,-533,-530,-29987,-29988,-29988,-29989,-29989,-29990,-29990,-983]} 1. d4 d5 2. c4 e6 3. Nc3 Bb4 4. Nf3 dxc4 5. g3 Nf6 6. Bg2 O-O 7. O-O Nc6 8. e3 Rb8 9. Nd2 {E20: Nimzo-Indian: 4 g3 and 4 f3} (9. Qe2 b5 10. Rd1 Nd5 11. Bd2 Bd6 12. Ne1 Nxc3 13. bxc3 Bb7 14. a4 a6 15. axb5 axb5 16. Rdb1 Qd7 {½-½ (95) Zeng,C (2542)-Wen,Y (2585) Xinghua 2018}) 9... e5 10. a3 exd4 $146 ({Predecessor:} 10... Bg4 11. f3 Bxc3 12. bxc3 Be6 13. Qc2 Qd7 14. f4 exd4 15. cxd4 b5 16. Bb2 Bf5 {0-1 (32) Kuge,T (2000)-Ponce,T (2000) FICGS email 2011}) 11. axb4 {[#] Black must now prevent exd4.Black is slightly better.} dxc3 12. bxc3 Bg4 13. f3 Be6 $36 {[%mdl 2048] White is under pressure.} 14. Qe2 b5 15. e4 Nxb4 {aiming for ...Nd3.} 16. e5 $1 {[%cal Re5f6]} Ne8 17. Ne4 Nd3 18. Ba3 b4 19. cxb4 (19. Bxb4 $17 Nxb4 20. cxb4) 19... Qd4+ $19 20. Kh1 (20. Nf2 $142) 20... Qxe5 21. Qe3 {intending b5.} Nd6 22. f4 Qf5 23. Nxd6 cxd6 24. Qd4 Rb5 25. Qxd6 $2 (25. Kg1 {might work better.}) 25... Bd5 26. Bxd5 Rxd5 27. Qa6 Qe4+ {Black mates.} 28. Kg1 Qe3+ 29. Kg2 Qe2+ 30. Kg1 {[#]} Nxf4 {Played: Nd3-c5} 0-1

[Event "2nd Goa GM Open 2019"]
[Site "Goa"]
[Date "2019.06.23"]
[Round "8.2"]
[White "Ter-Sahakyan, Samvel"]
[Black "Iturrizaga Bonelli, Eduardo"]
[Result "0-1"]
[WhiteElo "2611"]
[BlackElo "2637"]
[Annotator "TA"]
[PlyCount "120"]
[EventDate "2019.06.17"]
[EventType "swiss"]
[EventCountry "IND"]
[SourceTitle "playchess.com"]
[Source "ChessBase"]
[SourceQuality "1"]

{[%evp 11,120,17,24,18,24,21,24,6,3,11,16,16,8,7,40,11,46,42,53,39,82,72,96,84,83,88,111,70,62,64,68,37,57,53,116,60,60,35,68,71,90,73,82,77,78,83,99,35,69,0,66,23,52,39,34,7,13,16,25,0,8,2,6,0,1,0,0,-14,-8,-46,-12,-27,-25,-80,-101,-138,-26,-198,0,0,0,-117,-128,-131,0,0,0,0,0,0,0,0,0,0,0,0,0,0,0,-1147,-984,-1452,-1319,-1218,-1257,-1836,-1794,-5306,-4133,-1834,-1783]} 1. e4 c5 2. Nf3 e6 3. d4 cxd4 4. Nxd4 a6 5. c4 Nf6 6. Nc3 Bb4 7. Qd3 {B41: Sicilian: Kan Variation: 5 c4} O-O (7... Qc7 8. Nc2 Bc5 9. Be2 O-O 10. O-O Nc6 11. Kh1 d6 12. f4 Bd7 13. a3 Rad8 14. b4 Ba7 {½-½ (115) Karjakin,S (2782)-Caruana,F (2816) Paris 2018}) 8. Be2 d6 9. O-O {White has an edge.} Nbd7 10. Nb3 Ne5 11. Qd4 Nc6 $146 ({Predecessor:} 11... Nfd7 12. Be3 Nc5 13. Nxc5 Bxc5 14. Qd2 Qc7 {1-0 (69) Ponomariov,R (2697)-Oboladze,L (2318) Batumi 2018}) 12. Qe3 Qc7 13. Rd1 b6 14. Bd2 Bb7 15. Rac1 Bc5 16. Qg3 Kh8 17. Bg5 Ne5 18. Nxc5 bxc5 19. f4 Nc6 20. Bd3 Nd4 21. Re1 (21. Qh4 {feels hotter.} Ng8 22. f5 Rae8 23. f6 gxf6 24. Be3) 21... Ng8 22. f5 Rfe8 (22... f6 $14 23. Be3 e5) 23. Bf4 ({White should play} 23. fxe6 $16 {Hoping for Nd5.} Nxe6 24. Bd2) 23... e5 $14 24. Bd2 a5 25. Re3 g6 26. Rf1 gxf5 27. exf5 {Strongly threatening f6.} f6 28. Qh4 Re7 29. Be4 (29. Rg3 $16) 29... Rg7 30. Nd5 (30. Rf2 $14) 30... Qd8 (30... Bxd5 $1 $11 31. Bxd5 Rb8) 31. Rh3 a4 32. Rf2 Rb8 {Black wants to play ...Bxd5.} 33. Bc3 Ba6 34. Ne3 Qf8 35. g4 Bb7 36. Bxb7 Rbxb7 37. Rg3 Rbf7 38. Nd5 Ne7 39. Nxe7 Qxe7 40. Bd2 e4 $36 {[%mdl 2048] Black is pushing.} 41. Kg2 Nf3 42. Qh6 (42. Qh5 $11) 42... Ne5 $1 $17 {[%csl LRc4,LRg4][%cal Re5g4]} 43. g5 Nxc4 (43... Qb7 $1 $17 {...e3+ is the strong threat.} 44. Be3 Nxc4) 44. gxf6 $2 (44. Bc3 $1 $11 {and White has nothing to worry.} e3 45. Rf4) 44... Rxg3+ $2 ({Stronger than} 44... Qxf6 45. Qxf6 Rxf6 46. Bc3 $11) (44... Rxf6 $19 45. Rxg7 Qxg7+ 46. Qxg7+ Kxg7) 45. hxg3 $11 Qb7 ({But not} 45... Qxf6 $6 46. Bc3 $16) 46. Kh2 (46. Kg1 $1 $11) 46... Qxb2 $17 47. Qh5 Qb7 (47... Rf8 $17 48. Qg4 Qxf6 49. Qxe4 Nxd2) 48. Bh6 $11 {With the idea Rf4.} Ne5 {White must now prevent ...Nf3+.} 49. Bg7+ Kg8 {Threatens to win with ...Nf3+.} 50. Qg5 Rxg7 51. fxg7 {[%mdl 4096] Endgame KQR-KQN} e3 52. Qd8+ Kxg7 53. Qg5+ Kf8 (53... Kf7 $5 54. Qh5+ $8 {[%mdl 64] Double Attack} Kf8 55. Qh6+ Kg8 56. Qe6+ Qf7 57. Qc8+ Qf8 58. Qe6+ Kh8 $11) 54. Qh6+ Kg8 {( -> ...Ng4+)} 55. Qg5+ $2 {[%mdl 8192]} (55. Qe6+ $11 Qf7 56. Qc8+ Qf8 57. Qe6+ Kh8 58. Rg2) 55... Qg7 $19 {Black is clearly winning.} 56. Qd8+ {[#]} Qf8 $1 {[%cal Rf8d8]} 57. Qxf8+ Kxf8 58. Re2 {[#]} d5 $1 {[%cal Rd5d4]} 59. g4 d4 60. Kg3 d3 {Accuracy: White = 47%, Black = 40%.} 0-1

[Event "2nd Goa GM Open 2019"]
[Site "Goa"]
[Date "2019.06.23"]
[Round "8.3"]
[White "Gupta, Abhijeet"]
[Black "Rahman, Ziaur"]
[Result "0-1"]
[WhiteElo "2606"]
[BlackElo "2481"]
[Annotator "RC"]
[PlyCount "60"]
[EventDate "2019.06.17"]
[EventType "swiss"]
[EventCountry "IND"]
[SourceTitle "playchess.com"]
[Source "ChessBase"]
[SourceQuality "1"]
[TimeControl "5400+30"]

1. d4 {[%emt 0:00:00]} d5 {[%emt 0:00:00]} 2. c4 {[%emt 0:00:00]} e6 {[%emt 0:00:00]} 3. Nf3 {[%emt 0:00:00]} Nf6 {[%emt 0:01:30]} 4. g3 {[%emt 0:00:05]} dxc4 {[%emt 0:00:29]} 5. Bg2 {[%emt 0:00:04]} Bd7 {[%emt 0:00:11]} 6. Nbd2 {[%emt 0:00:21]} Bb4 {[%emt 0:00:52]} 7. Ne5 {[%emt 0:11:24]} Bc6 {[%emt 0:03:38]} 8. Nxc6 {[%emt 0:01:42]} Nxc6 {[%emt 0:00:06]} 9. Bxc6+ {[%emt 0:02:24]} bxc6 {[%emt 0:00:06]} 10. Qa4 {[%emt 0:00:35]} Qd5 {[%emt 0:03:26]} 11. O-O {[%emt 0:00:05]} Rb8 {[%emt 0:04:40]} 12. a3 {[%emt 0:04:32]} Bxd2 {[%emt 0:02:59]} 13. Bxd2 {[%emt 0:00:04]} Rxb2 {[%emt 0:07:09]} 14. Rfb1 {[%emt 0:19:32]} Qb5 {[%emt 0:11:05]} 15. Qd1 {[%emt 0:00:06]} O-O {[%emt 0:03:18]} 16. Rxb2 {[%emt 0:10:00]} Qxb2 {[%emt 0:00:33]} 17. Bb4 {[%emt 0:00:04]} Rd8 {[%emt 0:03:00]} 18. Rb1 {[%emt 0:00:39]} Rxd4 {[%emt 0:12:23]} 19. Qe1 {[%emt 0:01:43]} Qc2 {[%emt 0:00:13]} 20. Bc5 {[%emt 0:04:21]} Rd8 {[%emt 0:00:18]} 21. Be7 {[%emt 0:00:07]} Re8 {[%emt 0:00:59]} 22. Bxf6 {[%emt 0:00:10]} gxf6 {[%emt 0:00:08]} 23. Rc1 {[%emt 0:00:02]} Qb3 {[%emt 0:08:45]} 24. Rc3 {[%emt 0:04:28]} Qa2 {[%emt 0:01:19]} 25. Re3 {[%emt 0:11:17]} Rb8 {[%emt 0:02:43]} 26. Kg2 {[%emt 0:05:12]} Rb3 {[%emt 0:02:48]} 27. Re4 {[%emt 0:00:03]} c3 {[%emt 0:01:10]} 28. Rc4 {[%emt 0:12:26]} Qd2 {[%emt 0:03:16]} 29. Rg4+ {[%emt 0:00:04]} Kf8 {[%emt 0:00:25]} 30. Qa1 {[%emt 0:00:13]} e5 {[%emt 0:01:45]} 0-1

[Event "2nd Goa GM Open 2019"]
[Site "Goa"]
[Date "2019.06.23"]
[Round "8.4"]
[White "Aleksandrov, Aleksej"]
[Black "Kostenko, Petr"]
[Result "1/2-1/2"]
[WhiteElo "2588"]
[BlackElo "2473"]
[Annotator "ChessBase"]
[PlyCount "78"]
[EventDate "2019.06.17"]
[EventType "swiss"]
[EventCountry "IND"]
[SourceTitle "playchess.com"]
[Source "ChessBase"]
[SourceQuality "1"]
[TimeControl "5400+30"]

1. d4 {[%emt 0:00:00]} e6 {[%emt 0:00:00]} 2. c4 {[%emt 0:00:00]} f5 {[%emt 0:01:18]} 3. g3 {[%emt 0:00:48]} Nf6 {[%emt 0:00:05]} 4. Bg2 {[%emt 0:00:04]} d5 {[%emt 0:00:05]} 5. Nh3 {[%emt 0:00:04]} Bd6 {[%emt 0:00:13]} 6. O-O {[%emt 0:00:18]} O-O {[%emt 0:00:04]} 7. Bf4 {[%emt 0:00:08]} Be7 {[%emt 0:04:35]} 8. Nd2 {[%emt 0:00:03]} Nc6 {[%emt 0:00:09]} 9. Nf3 {[%emt 0:00:34]} Ne4 {[%emt 0:03:20]} 10. Qc1 {[%emt 0:14:29]} dxc4 {[%emt 0:02:47]} 11. Rd1 {[%emt 0:03:03]} b5 {[%emt 0:09:39]} 12. a4 {[%emt 0:05:19]} Ba6 {[%emt 0:01:59]} 13. axb5 {[%emt 0:11:40]} Bxb5 {[%emt 0:00:03]} 14. Be3 {[%emt 0:00:30]} Qd6 {[%emt 0:07:42]} 15. Nf4 {[%emt 0:03:59]} Nb4 {[%emt 0:14:43]} 16. Ne5 {[%emt 0:02:09]} g5 {[%emt 0:03:09]} 17. Nh3 {[%emt 0:05:25]} h6 {[%emt 0:03:48]} 18. f3 {[%emt 0:03:21]} Nc5 {[%emt 0:00:45]} 19. Nxc4 {[%emt 0:04:04]} Qd5 {[%emt 0:00:52]} 20. Na5 {[%emt 0:01:39]} Nb3 {[%emt 0:14:48]} 21. Nxb3 {[%emt 0:02:15]} Qxb3 {[%emt 0:00:05]} 22. Bf2 {[%emt 0:10:43]} Bxe2 {[%emt 0:05:07]} 23. Rd2 {[%emt 0:07:30]} Bc4 {[%emt 0:00:58]} 24. Ra3 {[%emt 0:06:27]} Na2 {[%emt 0:00:28]} 25. Rxb3 {[%emt 0:00:29]} Nxc1 {[%emt 0:00:03]} 26. Re3 {[%emt 0:01:47]} Nb3 {[%emt 0:03:54]} 27. Rc2 {[%emt 0:00:12]} Bd5 {[%emt 0:00:07]} 28. Rxc7 {[%emt 0:04:07]} Bf6 {[%emt 0:01:17]} 29. f4 {[%emt 0:00:18]} Bxg2 {[%emt 0:01:11]} 30. Kxg2 {[%emt 0:00:04]} Nxd4 {[%emt 0:00:12]} 31. Rd3 {[%emt 0:02:16]} Nb5 {[%emt 0:03:57]} 32. Rc5 {[%emt 0:00:40]} a6 {[%emt 0:00:45]} 33. fxg5 {[%emt 0:00:04]} hxg5 {[%emt 0:00:03]} 34. Be3 {[%emt 0:00:24]} Rfc8 {[%emt 0:11:29]} 35. Rxc8+ {[%emt 0:00:18]} Rxc8 {[%emt 0:00:01]} 36. Nxg5 {[%emt 0:00:24]} Rc6 {[%emt 0:01:36]} 37. b3 {[%emt 0:00:35]} Nc7 {[%emt 0:00:25]} 38. h4 {[%emt 0:00:28]} Nd5 {[%emt 0:00:39]} 39. Bd2 {[%emt 0:00:21]} Bxg5 {[%emt 0:00:46]} 1/2-1/2

[Event "2nd Goa GM Open 2019"]
[Site "Goa"]
[Date "2019.06.23"]
[Round "8.5"]
[White "Tukhaev, Adam"]
[Black "Stupak, Kirill"]
[Result "1/2-1/2"]
[WhiteElo "2527"]
[BlackElo "2584"]
[Annotator "TA"]
[PlyCount "60"]
[EventDate "2019.06.17"]
[EventType "swiss"]
[EventCountry "IND"]
[SourceTitle "playchess.com"]
[Source "ChessBase"]
[SourceQuality "1"]

{[%evp 23,60,10,8,13,22,23,22,27,21,23,21,25,24,24,29,26,29,5,10,6,6,8,13,6,7,7,8,0,1,0,12,0,2,0,15,0,3,0,13]} 1. Nf3 d5 2. g3 c5 3. Bg2 g6 4. d4 cxd4 5. Nxd4 Nf6 6. O-O Bg7 7. c4 O-O 8. cxd5 Nxd5 9. Nc3 Nxc3 10. bxc3 Nc6 11. Nxc6 bxc6 12. Qxd8 Rxd8 13. Bxc6 {D75: Fianchetto Grünfeld: Main Line with 7...c5} Bxc3 14. Rb1 Bf5 15. e4 Rac8 {aiming for ...Bh3.} 16. Bb7 Bh3 17. Bxc8 Bxf1 18. Kxf1 {[#] Bg4 is the strong threat.} Rxc8 $11 {[%mdl 4096] Endgame KRB-KRB} 19. Be3 Rc7 {[#]} 20. Bf4 $146 ({Predecessor:} 20. Rc1 a6 21. Ke2 Ba5 22. Rxc7 Bxc7 23. Kd3 Kf8 24. Kc4 Ke8 25. h3 {½-½ (25) Sebenik,M (2516)-Bok,B (2586) Biel 2014}) 20... Rd7 {The position is equal.} 21. Ke2 f6 22. Be3 Kf7 23. Rb3 Ba5 24. Rb5 Bc3 25. Rb3 Ba5 26. Rb5 Bc3 27. Rb3 Ba5 28. Rb5 Bc3 29. Rb3 Ba5 30. Rb5 Bc3 {Accuracy: White = 73%, Black = 81%.} 1/2-1/2

[Event "2nd Goa GM Open 2019"]
[Site "Goa"]
[Date "2019.06.23"]
[Round "8.6"]
[White "Jojua, Davit"]
[Black "Sankalp Gupta"]
[Result "1-0"]
[WhiteElo "2580"]
[BlackElo "2359"]
[Annotator "ChessBase"]
[PlyCount "119"]
[EventDate "2019.06.17"]
[EventType "swiss"]
[EventCountry "IND"]
[SourceTitle "playchess.com"]
[Source "ChessBase"]
[SourceQuality "1"]
[TimeControl "5400+30"]

1. d4 {[%emt 0:00:00]} Nf6 {[%emt 0:00:21]} 2. c4 {[%emt 0:00:00]} e6 {[%emt 0:00:07]} 3. g3 {[%emt 0:00:00]} d5 {[%emt 0:00:08]} 4. Nf3 {[%emt 0:00:13]} dxc4 {[%emt 0:00:09]} 5. Bg2 {[%emt 0:00:09]} c5 {[%emt 0:00:10]} 6. O-O {[%emt 0:00:48]} Nc6 {[%emt 0:00:08]} 7. dxc5 {[%emt 0:01:11]} Qxd1 {[%emt 0:00:04]} 8. Rxd1 {[%emt 0:00:03]} Bxc5 {[%emt 0:00:02]} 9. Nfd2 {[%emt 0:00:22]} Na5 {[%emt 0:00:09]} 10. Na3 {[%emt 0:00:14]} Bxa3 {[%emt 0:18:21]} 11. bxa3 {[%emt 0:00:05]} Nd5 {[%emt 0:06:30]} 12. Ne4 {[%emt 0:00:26]} O-O {[%emt 0:16:31]} 13. Bd2 {[%emt 0:01:24]} b6 {[%emt 0:04:52]} 14. Rac1 {[%emt 0:04:00]} Bd7 {[%emt 0:04:22]} 15. Bxa5 {[%emt 0:07:22]} bxa5 {[%emt 0:00:07]} 16. Nd6 {[%emt 0:18:08]} Rab8 {[%emt 0:03:51]} 17. Nxc4 {[%emt 0:02:00]} Ba4 {[%emt 0:00:50]} 18. Re1 {[%emt 0:07:53]} Rb5 {[%emt 0:02:07]} 19. e4 {[%emt 0:13:42]} Nb6 {[%emt 0:02:59]} 20. e5 {[%emt 0:02:12]} g5 {[%emt 0:15:07]} 21. Nd6 {[%emt 0:12:06]} Rb2 {[%emt 0:00:04]} 22. Rc5 Rxa2 {[%emt 0:07:06]} 23. Rxa5 {[%emt 0:01:10]} Rxa3 {[%emt 0:00:03]} 24. Rxa7 {[%emt 0:00:17]} Rd3 {[%emt 0:00:53]} 25. Ra6 {[%emt 0:08:00]} Rb8 {[%emt 0:02:11]} 26. Ra7 {[%emt 0:03:42]} Rf8 {[%emt 0:00:36]} 27. Bh3 {[%emt 0:03:02]} Bb3 {[%emt 0:00:01]} 28. Ne4 {[%emt 0:08:58]} h6 {[%emt 0:00:05]} 29. Rb7 {[%emt 0:00:44]} Na4 {[%emt 0:00:46]} 30. Bg4 {[%emt 0:02:35]} Bd5 {[%emt 0:04:39]} 31. Nf6+ {[%emt 0:00:01]} Kh8 {[%emt 0:00:08]} 32. Ra7 {[%emt 0:00:34]} Nc3 {[%emt 0:03:10]} 33. Rd7 {[%emt 0:00:11]} Ne4 {[%emt 0:04:07]} 34. Nxd5 {[%emt 0:03:23]} Rxd5 {[%emt 0:00:24]} 35. Rxf7 {[%emt 0:01:07]} Rxf7 {[%emt 0:00:38]} 36. Bxe6 {[%emt 0:00:01]} Rxe5 {[%emt 0:01:33]} 37. Bxf7 {[%emt 0:00:01]} Kg7 {[%emt 0:01:11]} 38. Bh5 {[%emt 0:00:03]} Kf6 {[%emt 0:00:59]} 39. Rb1 {[%emt 0:00:25]} Nc3 {[%emt 0:00:41]} 40. Rb8 {[%emt 0:00:45]} Nd5 {[%emt 0:02:34]} 41. Kg2 {[%emt 0:01:52]} Kg7 {[%emt 0:00:23]} 42. Bf3 {[%emt 0:01:03]} Nf6 {[%emt 0:00:17]} 43. Rb7+ {[%emt 0:00:14]} Kg6 {[%emt 0:00:12]} 44. Rc7 {[%emt 0:00:46]} Re1 {[%emt 0:00:18]} 45. Bc6 {[%emt 0:00:27]} Ra1 {[%emt 0:01:05]} 46. Bb5 {[%emt 0:00:27]} Ra3 {[%emt 0:00:35]} 47. Be2 {[%emt 0:00:44]} h5 {[%emt 0:00:55]} 48. Bd1 {[%emt 0:00:22]} Ra6 {[%emt 0:00:20]} 49. Bc2+ {[%emt 0:00:11]} Kh6 {[%emt 0:00:02]} 50. h3 {[%emt 0:00:44]} Rb6 {[%emt 0:00:23]} 51. Rf7 {[%emt 0:00:30]} Rc6 {[%emt 0:00:24]} 52. Bf5 {[%emt 0:00:09]} Rb6 {[%emt 0:00:06]} 53. Kf1 {[%emt 0:00:16]} Ra6 {[%emt 0:01:35]} 54. Ke2 {[%emt 0:00:11]} g4 {[%emt 0:01:05]} 55. h4 {[%emt 0:00:15]} Rb6 {[%emt 0:00:27]} 56. Kd3 {[%emt 0:01:07]} Rd6+ {[%emt 0:00:14]} 57. Kc4 {[%emt 0:00:46]} Rc6+ {[%emt 0:00:39]} 58. Kd4 {[%emt 0:00:36]} Rd6+ {[%emt 0:00:17]} 59. Ke5 {[%emt 0:00:38]} Ra6 {[%emt 0:00:29]} 60. f3 {[%emt 0:00:29]} 1-0

[Event "2nd Goa GM Open 2019"]
[Site "Goa"]
[Date "2019.06.23"]
[Round "8.7"]
[White "Paichadze, Luka"]
[Black "Nguyen, Van Huy"]
[Result "1-0"]
[WhiteElo "2557"]
[BlackElo "2456"]
[Annotator "ChessBase"]
[PlyCount "147"]
[EventDate "2019.06.17"]
[EventType "swiss"]
[EventCountry "IND"]
[SourceTitle "playchess.com"]
[Source "ChessBase"]
[SourceQuality "1"]
[TimeControl "5400+30"]

1. e4 {[%emt 0:00:00]} c6 {[%emt 0:00:01]} 2. d4 {[%emt 0:01:05]} d5 {[%emt 0:00:17]} 3. e5 {[%emt 0:01:13]} Bf5 {[%emt 0:01:06]} 4. h4 {[%emt 0:00:18]} Qb6 {[%emt 0:01:54]} 5. g4 {[%emt 0:04:17]} Bd7 {[%emt 0:01:19]} 6. a4 {[%emt 0:02:26]} e6 {[%emt 0:05:15]} 7. a5 {[%emt 0:00:22]} Qc7 {[%emt 0:00:34]} 8. c3 {[%emt 0:02:23]} c5 {[%emt 0:02:01]} 9. f4 {[%emt 0:02:57]} h5 {[%emt 0:07:20]} 10. gxh5 {[%emt 0:00:56]} Nh6 {[%emt 0:01:30]} 11. Nf3 {[%emt 0:00:45]} a6 {[%emt 0:09:10]} 12. Bh3 {[%emt 0:02:06]} Nc6 {[%emt 0:04:24]} 13. dxc5 {[%emt 0:01:54]} Bxc5 {[%emt 0:02:01]} 14. Nbd2 {[%emt 0:00:36]} O-O {[%emt 0:13:19]} 15. Nb3 {[%emt 0:00:46]} Ba7 {[%emt 0:00:45]} 16. Nbd4 {[%emt 0:10:51]} f5 {[%emt 0:13:09]} 17. Rg1 {[%emt 0:03:47]} Bxd4 {[%emt 0:05:24]} 18. Nxd4 {[%emt 0:07:48]} Nxd4 {[%emt 0:00:14]} 19. Qxd4 {[%emt 0:01:08]} Rac8 {[%emt 0:00:51]} 20. Rg5 {[%emt 0:03:04]} Bb5 {[%emt 0:02:09]} 21. Be3 {[%emt 0:02:10]} Rf7 {[%emt 0:04:49]} 22. Qd2 {[%emt 0:11:01]} Qc4 {[%emt 0:00:44]} 23. Bd4 {[%emt 0:04:49]} Qd3 {[%emt 0:02:24]} 24. Qxd3 {[%emt 0:00:35]} Bxd3 {[%emt 0:00:05]} 25. Kd2 {[%emt 0:01:14]} Be4 {[%emt 0:00:56]} 26. Rag1 {[%emt 0:01:53]} Kh7 {[%emt 0:00:57]} 27. R1g3 {[%emt 0:04:00]} Ng4 {[%emt 0:05:05]} 28. Bf1 {[%emt 0:00:46]} Re7 {[%emt 0:02:22]} 29. Rg6 {[%emt 0:01:34]} Rh8 {[%emt 0:04:50]} 30. Bc5 {[%emt 0:02:49]} Ree8 {[%emt 0:00:05]} 31. Be2 {[%emt 0:02:02]} Kg8 {[%emt 0:01:11]} 32. Bxg4 {[%emt 0:05:19]} fxg4 {[%emt 0:00:12]} 33. R6xg4 {[%emt 0:00:14]} Rh7 {[%emt 0:00:04]} 34. Ke3 {[%emt 0:01:22]} Kf7 {[%emt 0:01:52]} 35. Rg5 {[%emt 0:00:26]} Bc2 {[%emt 0:02:49]} 36. Kd4 {[%emt 0:00:09]} Rc8 {[%emt 0:00:45]} 37. Rg1 {[%emt 0:00:26]} Rc6 {[%emt 0:01:42]} 38. b3 {[%emt 0:01:35]} Rc8 {[%emt 0:00:51]} 39. c4 {[%emt 0:02:31]} Bxb3 {[%emt 0:01:56]} 40. h6 {[%emt 0:00:35]} Rg8 {[%emt 0:01:28]} 41. Rxg7+ {[%emt 0:04:27]} Rgxg7 {[%emt 0:00:39]} 42. Rxg7+ {[%emt 0:00:52]} Rxg7 {[%emt 0:00:05]} 43. hxg7 {[%emt 0:00:04]} Kxg7 {[%emt 0:00:54]} 44. f5 {[%emt 0:01:46]} Kf7 {[%emt 0:01:27]} 45. cxd5 {[%emt 0:01:13]} Bxd5 {[%emt 0:00:06]} 46. h5 {[%emt 0:00:54]} Ba2 {[%emt 0:00:32]} 47. fxe6+ {[%emt 0:01:15]} Kxe6 {[%emt 0:01:03]} 48. Bd6 {[%emt 0:01:01]} Bb3 {[%emt 0:00:29]} 49. Kc5 {[%emt 0:01:08]} Bd1 {[%emt 0:00:28]} 50. h6 {[%emt 0:00:08]} Bc2 {[%emt 0:00:03]} 51. Kb6 {[%emt 0:00:11]} Be4 {[%emt 0:00:03]} 52. Kc7 {[%emt 0:00:35]} Kf7 {[%emt 0:00:43]} 53. Bb4 {[%emt 0:00:26]} Ke6 {[%emt 0:01:01]} 54. Bc3 {[%emt 0:00:07]} Ke7 {[%emt 0:00:13]} 55. Bd2 {[%emt 0:00:17]} Ke6 {[%emt 0:00:06]} 56. Bf4 {[%emt 0:00:09]} Bd3 {[%emt 0:01:29]} 57. Kxb7 {[%emt 0:00:29]} Kd7 {[%emt 0:00:38]} 58. Be3 {[%emt 0:00:23]} Ke6 {[%emt 0:00:08]} 59. Bd4 {[%emt 0:00:19]} Kd7 {[%emt 0:00:25]} 60. Bc3 {[%emt 0:01:07]} Ke6 {[%emt 0:00:07]} 61. Kc7 {[%emt 0:00:40]} Ke7 {[%emt 0:00:57]} 62. Bb2 {[%emt 0:00:30]} Be4 {[%emt 0:00:43]} 63. Bc1 {[%emt 0:01:08]} Ke6 {[%emt 0:00:25]} 64. Bf4 {[%emt 0:00:06]} Bf5 {[%emt 0:00:55]} 65. Kd8 {[%emt 0:00:31]} Kf7 {[%emt 0:00:18]} 66. Bg5 {[%emt 0:00:34]} Kg6 {[%emt 0:00:39]} 67. Bd2 {[%emt 0:01:00]} Kf7 {[%emt 0:00:03]} 68. Bf4 {[%emt 0:00:04]} Bg4 {[%emt 0:00:58]} 69. Kc7 {[%emt 0:00:18]} Bf5 {[%emt 0:00:29]} 70. Kd6 {[%emt 0:00:09]} Bc2 {[%emt 0:00:33]} 71. e6+ {[%emt 0:00:15]} Ke8 {[%emt 0:00:29]} 72. Be3 {[%emt 0:00:36]} Bg6 {[%emt 0:00:26]} 73. Bc5 {[%emt 0:00:09]} Kd8 {[%emt 0:00:33]} 74. Ke5 {[%emt 0:00:08]} 1-0

[Event "2nd Goa GM Open 2019"]
[Site "Goa"]
[Date "2019.06.23"]
[Round "8.8"]
[White "Vignesh N R"]
[Black "Idani, Pouya"]
[Result "0-1"]
[WhiteElo "2459"]
[BlackElo "2597"]
[Annotator "ChessBase"]
[PlyCount "92"]
[EventDate "2019.06.17"]
[EventType "swiss"]
[EventCountry "IND"]
[SourceTitle "playchess.com"]
[Source "ChessBase"]
[SourceQuality "1"]
[TimeControl "5400+30"]

1. e4 {[%emt 0:00:00]} c5 {[%emt 0:00:00]} 2. Nf3 {[%emt 0:00:00]} e6 {[%emt 0:00:00]} 3. d4 {[%emt 0:00:00]} cxd4 {[%emt 0:00:00]} 4. Nxd4 {[%emt 0:00:01]} Nc6 {[%emt 0:00:00]} 5. Nc3 {[%emt 0:00:30]} Qc7 {[%emt 0:00:00]} 6. Be3 {[%emt 0:00:45]} a6 {[%emt 0:00:30]} 7. Qd2 {[%emt 0:00:21]} Nxd4 {[%emt 0:00:32]} 8. Qxd4 {[%emt 0:06:16]} b5 {[%emt 0:00:12]} 9. O-O-O {[%emt 0:04:20]} Bb7 {[%emt 0:00:15]} 10. f3 {[%emt 0:08:56]} Rc8 {[%emt 0:00:04]} 11. Qb6 {[%emt 0:01:55]} Qxb6 {[%emt 0:01:41]} 12. Bxb6 {[%emt 0:00:02]} Bc5 {[%emt 0:08:46]} 13. Bxc5 {[%emt 0:00:07]} Rxc5 {[%emt 0:00:04]} 14. a4 {[%emt 0:09:19]} b4 {[%emt 0:04:22]} 15. Na2 {[%emt 0:00:10]} b3 {[%emt 0:03:52]} 16. Nc3 {[%emt 0:00:07]} bxc2 {[%emt 0:00:03]} 17. Rd6 {[%emt 0:01:44]} Kd8 {[%emt 0:09:07]} 18. Kxc2 {[%emt 0:05:57]} Kc7 {[%emt 0:00:08]} 19. Rd4 {[%emt 0:01:23]} Ne7 {[%emt 0:07:43]} 20. Rc4 {[%emt 0:11:41]} Rxc4 {[%emt 0:04:11]} 21. Bxc4 {[%emt 0:00:02]} f5 {[%emt 0:00:06]} 22. Bd3 {[%emt 0:04:55]} fxe4 {[%emt 0:11:32]} 23. Nxe4 {[%emt 0:00:08]} a5 {[%emt 0:00:19]} 24. b4 {[%emt 0:05:43]} axb4 {[%emt 0:03:25]} 25. Kb3 {[%emt 0:00:08]} Ra8 {[%emt 0:08:34]} 26. Nc5 {[%emt 0:15:36]} Bc6 {[%emt 0:07:27]} 27. Rc1 {[%emt 0:00:01]} Nd5 {[%emt 0:10:09]} 28. Be4 {[%emt 0:02:41]} Kb6 {[%emt 0:03:15]} 29. Bxd5 {[%emt 0:00:56]} Bxd5+ {[%emt 0:00:07]} 30. Kxb4 {[%emt 0:00:03]} Bc6 {[%emt 0:00:08]} 31. Rd1 {[%emt 0:03:08]} Kc7 {[%emt 0:00:34]} 32. f4 {[%emt 0:03:46]} Rb8+ {[%emt 0:04:07]} 33. Kc3 {[%emt 0:01:25]} Rf8 {[%emt 0:00:03]} 34. g3 {[%emt 0:00:19]} Rf5 {[%emt 0:00:17]} 35. Kb4 {[%emt 0:01:24]} g5 {[%emt 0:00:16]} 36. Rd4 {[%emt 0:00:54]} gxf4 {[%emt 0:02:20]} 37. Rxf4 {[%emt 0:00:18]} Re5 {[%emt 0:00:06]} 38. a5 {[%emt 0:02:47]} h5 {[%emt 0:02:35]} 39. h4 {[%emt 0:02:34]} Re2 {[%emt 0:01:15]} 40. Nb3 {[%emt 0:01:38]} Rg2 {[%emt 0:03:42]} 41. Rf7 {[%emt 0:01:29]} Rxg3 {[%emt 0:02:33]} 42. Rh7 {[%emt 0:00:08]} Rg4+ {[%emt 0:01:24]} 43. Kc5 {[%emt 0:00:01]} Ra4 {[%emt 0:00:15]} 44. a6 {[%emt 0:01:02]} Be4 {[%emt 0:00:46]} 45. Kb5 {[%emt 0:03:16]} Bxh7 {[%emt 0:01:24]} 46. Kxa4 {[%emt 0:00:01]} Bc2 {[%emt 0:00:10]} 0-1